|
|
|
|
| LEADER |
01234cam a2200325 a 4500 |
| 001 |
15699702 |
| 003 |
Ost |
| 005 |
20180806122706.0 |
| 008 |
090414s2009 mau b 001 0 eng |
| 999 |
|
|
|c 11386
|d 11386
|
| 010 |
|
|
|a 2009014924
|
| 020 |
|
|
|a 9780674036130
|
| 020 |
|
|
|a 0674036131
|
| 035 |
|
|
|a (OCoLC)ocn318421063
|
| 040 |
|
|
|a DLC
|c DLC
|d BTCTA
|d YDXCP
|d C#P
|d BWX
|d DLC
|
| 050 |
0 |
0 |
|b .S424 2009
|
| 082 |
0 |
0 |
|a 340 SEN'09;1
|2 22
|
| 100 |
1 |
|
|a Sen, Amartya,
|d 1933-
|
| 245 |
1 |
4 |
|a The idea of justice /
|c Amartya Sen.
|
| 260 |
|
|
|a Cambridge, Mass. :
|b Belknap Press of Harvard University Press,
|c 2009.
|
| 300 |
|
|
|a xxviii, 467 p. ;
|c 24 cm.
|
| 504 |
|
|
|a Includes bibliographical references and indexes.
|
| 600 |
1 |
0 |
|a Rawls, John,
|d 1921-2002.
|t Theory of justice.
|
| 650 |
|
0 |
|a Justice.
|
| 650 |
|
0 |
|a Social contract.
|
| 650 |
|
0 |
|a Ethics.
|
| 906 |
|
|
|a 7
|b cbc
|c orignew
|d 1
|e ecip
|f 20
|g y-gencatlg
|
| 942 |
|
|
|2 ddc
|c BK
|
| 955 |
|
|
|a re04 2009-04-14
|i re04 2009-04-14 telework
|a re11 2009-04-20 to Dewey
|a rd05 2009-04-21
|a Barcode 00240141036 returned from bindery 2009-09-15
|
| 952 |
|
|
|0 0
|1 0
|2 ddc
|4 0
|6 340_000000000000000_SEN091
|7 0
|9 22010
|a NUALS
|b NUALS
|c GEN
|d 2018-08-06
|l 10
|o 340 SEN'09;1
|p 14868
|r 2020-03-11
|s 2020-02-24
|w 2018-08-06
|y BK
|